| 000 | 00501cam a22001694a 4500 | ||
|---|---|---|---|
| 005 | 20250605163450.0 | ||
| 008 | 250528s ||||||||||||||||||||||||d | ||
| 035 | _a19794 | ||
| 020 | _a9603960446 | ||
| 040 |
_aGR-AtMCL _bgre _dGR-AtMCL _eAACR2 |
||
| 245 | 1 | _aΡουμανό - Ελληνικό και Ελληνο - Ρουμανικό λεξικό / Dictionar Romano-Elen si Eleno-Roman | |
| 260 |
_bΚαλοκάθη, _c2001 |
||
| 300 | _a942 | ||
| 942 | _cBK | ||
| 999 |
_c5046 _d5046 |
||